Vplyv demografických zmien na poistný trh Slovenskej republiky bakalárska práca

Salvato in:
Dettagli Bibliografici
Autore principale: Drobková, Zuzana
Ente Autore: Národohospodárska fakulta EU. Katedra poisťovníctva
Altri autori: Brokešová, Zuzana, 1985-
Natura: Libro
Lingua:slovacco
Pubblicazione: Bratislava 2015
Tags: Aggiungi Tag
Nessun Tag, puoi essere il primo ad aggiungerne!!

MARC

LEADER 00000nbm a2200000 4500
001 0205061
005 20161212095004.7
041 0 |a slo 
044 |a SK 
245 1 0 |a Vplyv demografických zmien na poistný trh Slovenskej republiky  |b bakalárska práca  |c Zuzana Drobková ; školiteľ: Zuzana Brokešová 
264 1 |a Bratislava  |c 2015 
300 |a 37 s. 
100 1 |a Drobková, Zuzana 
700 1 |a Brokešová, Zuzana, 1985- 
710 2 |a Národohospodárska fakulta EU. Katedra poisťovníctva